000 00541nam a22001817a 4500
005 20260225130551.0
008 260225b |||||||| |||| 00| 0 eng d
020 _a978-1-64105-853-7
050 _aKF 905 .C6 T65 2021
_b1
100 _aTOLLEN DAVID.W
245 _aTHE TECH CONTRACTS HAND BOOK
250 _a3RD EDITION
260 _a CHICAGO
_bAMERICAN BAR ASSOCIATION INTELLECTUAL PROPERTY LAW SECTION
_c2021
300 _aINCLUDES APPENNDIX GLOSSARY INDEX
500 _aXXV,373P
650 _aCOMPUTER CONTRACTS
942 _2lcc
_cBK
999 _c216654
_d216654